1-50 in 60 Quiz Stats

 Plays Quiz Updated Feb 24, 2017

Support Sporcle.
Go Orange.
Score 0/50 Timer 01:00
16 Plays Today
% Correct
???
100%
???
98.1%
???
96.4%
???
95.3%
???
94.1%
???
92.9%
???
92.1%
???
91.1%
???
90.4%
???
89.5%
???
89.1%
???
88%
???
86.7%
???
85.7%
???
84.4%
???
83%
???
82.3%
???
80.8%
???
79.5%
???
77.6%
???
76%
???
73.8%
???
70.9%
???
67.7%
???
64.6%
% Correct
???
60.6%
???
58%
???
53.9%
???
50.4%
???
46.8%
???
43.7%
???
39.8%
???
36.9%
???
33.2%
???
30%
???
26.7%
???
24.3%
???
21.8%
???
19.6%
???
17.5%
???
15.8%
???
14.1%
???
12.6%
???
11.3%
???
10.1%
???
8.9%
???
8.1%
???
7.1%
???
6.4%
???
5.8%

You're not logged in!

Compare scores with friends on all Sporcle quizzes.
OR
Log In
Forgot?

From the Vault

2000s Movie Definitions

by NO_r_WAY

Some movies are just hard to define.
Remove Ads.
Support Sporcle.
Get the best of Sporcle when you Go Orange. This ad-free experience offers more features, more stats, and more fun while also helping to support Sporcle. Thank you for becoming a member.

Show Comments

Extras

Top Quizzes Today


Score Distribution

Your Account Isn't Verified!

In order to create a playlist on Sporcle, you need to verify the email address you used during registration. Go to your Sporcle Settings to finish the process.

Report this User

Report this user for behavior that violates our Community Guidelines.

Details: